| 000 | 00783nas a2200265 4500 | ||
|---|---|---|---|
| 001 | BR8903739 | ||
| 003 | BR-BrBNA | ||
| 005 | 20231205091635.0 | ||
| 007 | ta | ||
| 008 | 230509b bl.|||p| |||| 00| 00por d | ||
| 040 |
_aBR-BrBNA _bpor _cBiblioteca Nacional de Agricultura |
||
| 041 | _a(Pt) | ||
| 072 | _aH20; H10 | ||
| 100 | 1 | _aBranco, M.C. | |
| 100 | 1 | _aGuimaraes, A.L. | |
| 100 | 1 | _aReifschneider, F.J.B. | |
| 100 | 1 | _aBoiteux, L.S. | |
| 245 | 1 | _aFalta de eficiencia de metodos alternativos para o controle de oidio em abobrinha | |
| 650 | _aABOBORA | ||
| 650 | _aOIDIO | ||
| 650 | _aFUNGO | ||
| 773 | 0 |
_tHorticultura Brasileira (Brazil) _xISSN 0102-0536 _g(May 1989), v. 7(1) p. 30-31 _wBR8903739 |
|
| 909 |
_a202311 _bLúcia _c55 _dLúcia Elande |
||
| 942 |
_2AGRIS _n0 _cANA |
||
| 999 |
_c126372 _d126372 |
||